On the track or unknown animals
| Main Author: | Heuvelmans, Bernard |
|---|---|
| Published: |
United States:
Paladin,
1970.
|
| Subjects: |
| LEADER | 00563cam a2200181 7i4500 | ||
|---|---|---|---|
| 001 | 0000050906 | ||
| 005 | 20250107090000.0 | ||
| 020 | |a 586080090 | ||
| 090 | 0 | 0 | |a QL88.3 |b .H48 1970 |
| 100 | 0 | |a Heuvelmans, Bernard | |
| 245 | 1 | 0 | |a On the track or unknown animals |c Bernard Heuvelmans. |
| 260 | |a United States: |b Paladin, |c 1970. | ||
| 300 | |a 333 p.: |b ill.; |c 20 cm. | ||
| 500 | |a Includes index | ||
| 650 | 0 | 0 | |a Vertebrates |
| 650 | 0 | 0 | |a Cryptozoology |
| 997 | |a AIDCOMM - Communication and Media, Faculty | ||
| 999 | |a ZARC003459 |b BOK |c OPEN SHELF |e Zainol Ahmad Resource Center | ||